MDQL
is popping MORE tags! Check the
thread
!
Quizzes
Events
Quiz Creation
Community
Videos
Private Events
Remove Ads
Sign In
Join for FREE
Feedback
Dark Mode
Quiz Categories
Sports
Geography
Music
Movies
Television
Just For Fun
Miscellaneous
History
Literature
Language
Science
Gaming
Entertainment
Religion
Holiday
For Kids
Quiz Lab
Recent
Popular Today
Quiz Kudos Today
Editor Picks
Curator Picks
Quizzes by...
Day
Popularity
Type
Ratings
Length
Year
Community
Subscriptions
Recent Discussions
Orange Saloon
Badges
Playlists
Quests
Create
Leaderboards
Showdown
Live 5
Trivia Bingo
Activity
Puzzle Library
Sporcle Events
Private Events
Virtual Trivia
Globe League
Become a Host
Pub Owners
SporcleCon
Opinionation
Our Games
Videos
Blog
Mobile Apps
Partnerships
Remove Ads and Go Orange
Feedback
Entertainment
Celebrity
Famous
Musical
Broadway
Show
Quote
Comic Books
Anime
Superhero
DC Comics
Marvel
Cartoons
Animation
Entertainment
Celebrity
Famous
Musical
Broadway
Show
Quote
Comic Books
Anime
Superhero
DC Comics
Marvel
Cartoons
Animation
Random Quiz
Search Sporcle
×
Quiz Lab
Quiz Lab
Entertainment
Hamilton
Type in answers that appear in a list
Type in answers that appear in a list
Classic
Best Score? Go Orange.
Guess All Of The Off-Broadway Hamilton Songs Stats
Can you name the Guess All Of The Off-Broadway Hamilton Songs?
By
Isaac_The_Potato
15m
52 Questions
170 Plays
170 Plays
170 Plays
Comments
Comments
Give Quiz Kudos
Give Quiz Kudos
-
- Ratings
hide this ad
More Info
Forced Order
Answers have to be entered in order
Answers have to be entered in order
Replay
Link that replays current quiz
Next Quiz
Link to next quiz in quiz playlist
You Got
0%
They Got
Avg Score
51%
Avg Friend Score
Upgrade to see
Score Distribution
Jump to the score distribution portion of the page
Score
0/52
Timer
15:00
0
Plays Today
% Correct
Alexander Hamilton
99.4%
Aaron Burr, Sir
95.9%
My Shot
90.6%
The Story Of Tonight
87.1%
The Schuyler Sisters
81.2%
The Farmer Refuted
78.8%
You'll Be Back
77.6%
Right Hand Man
61.8%
Helpless
60%
A Winter's Ball
59.4%
Satisfied
59.4%
The Story Of Tonight (Reprise)
57.1%
Wait For It
55.9%
Stay Alive
55.9%
Meet Me Inside
55.3%
The Ten Duel Commandments
54.7%
That Would Be Enough
54.7%
Yorktown (The World Turned Upside Down)
54.7%
What Comes Next?
54.7%
Guns and Ships
54.1%
Dear Theodosia
54.1%
Non Stop
54.1%
What'd I Miss
53.5%
History Has Its Eyes On You
52.4%
Cabinet Battle #1
50.6%
Take A Break
50.6%
% Correct
Say No To This
50.6%
Who Lives, Who Dies, Who Tells Your Story
48.8%
Cabinet Battle #2
48.2%
Burn
47.1%
The Room Where It Happens
46.5%
The Hurricane
46.5%
We Know
45.9%
The Reynolds Pamphlet
45.9%
It's Quiet Uptown
45.9%
The Election Of 1800
45.9%
Your Obedient Servant
45.9%
Blow Us All Away
45.3%
Tomorrow There'll Be More Of Us
44.7%
Washington On Your Side
44.7%
Best Of Wives And Best Of Women
44.7%
The World Was Wide Enough
44.7%
Schuyler Defeated
44.1%
Stay Alive (Reprise)
44.1%
The Adams Administration
43.5%
Congratulations
42.4%
I Know Him
41.2%
Let It Go
33.5%
One Last Ride
31.2%
Dear Theodosia (Reprise)
30%
Ten Things One Thing
27.6%
No John Trumbull
24.1%
Quiz Playlist
Details
Report
Send in Message
Add To Playlist
More Info:
I got the list of of YouTube please don't yell at me this was my first quiz and I fact-checked nothing.
Classic:
Type in answers that appear in a list
Forced Order:
Answers have to be entered in order
Last Updated: Feb 24, 2018
Quiz Scoreboard
CHALLENGE
Sign Up to Join the Scoreboard
Show All
Scores
Hide
Comments
May contain spoilers
Recently Published
Image Sorting: Flags VI
by Barbecue
Geography
2m
Find the 'City' Movie
by crazypaving
Movies
60s
Colored Red Africa Blitz
by spor1
Geography
45s
More to Explore
Quiz From the Vault
Featured Blog Post
14 Easter Pick-up Lines to Find Eggs With
hide this ad
You Might Also Like...
Tags
Alexander Hamilton
Hamilton
Today's Top Quizzes in Entertainment
Browse Entertainment
hide this ad
Today's Top Quizzes in Hamilton
Browse Hamilton
Top Contributed Quizzes in Entertainment
1
Marvel Classic Character Map
2
Dragon Ball Z: Goku's Fights in Order
3
Marvel Characters Bunker
4
Movie-Themed Roller Coasters
5
JoJo's Bizarre Logic Quiz
6
Harry Styles-Are you no.1 fan
7
Sorting Pictures: Villains
8
This is Your Life: Edward Elric
9
This is Your Life: Itachi Uchiha
10
Celebrity Spelling Bee
Explore More
Trending Topics
Marvel
Crossword
Anime
NBA
Disney
Kpop
Harry Potter
NFL
Song
Soccer
WWE
Pokémon
The Office
Puzzle
Country
hide this ad
More By:
Isaac_The_Potato
Quiz
Plays
Rating
Category
Featured
Created
Who Got Killed By Who (or What)?
617
3.50
Television
Feb 16, 2018
Guess the Hamilton Lyrics
467
5.00
Entertainment
Jun 24, 2017
Guess The Last Lines Of The Songs From Hamilton
453
Entertainment
Jun 24, 2017
Guess All Of The Off-Broadway Hamilton Songs
170
3.00
Entertainment
Jun 24, 2017
Can you name the lyrics to So Dang Dark
0
Music
Nov 18, 2017
Go to Creator's Profile
Score Distribution
Quiz Creator Spotlight
Isaac_The_Potato
Follow
Send a Message
Quizzes Created
-
Created Quiz Play Count
-
More By This Creator
Popular Quizzes Today
1
Colored Red Africa Blitz
2
Find the US States - No Outlines Minefield
3
Find the 'City' Movie
4
5x2 Blitz: Bands
5
The Countries of the World
6
Find the US States
7
Find the Countries of Europe - No Outlines Minefield
8
US States
More Entertainment Quizzes
Musicals by Narrator
Published
Trending Quizzes
Colored Red Europe Blitz I
Colored Red Africa Blitz II
Colored Red Europe Blitz II
Colored Red Africa Blitz III
Colored Red Europe Blitz III
Recently Updated
How Do You Spell That?
pecheneg
Godzilla Movies
pecheneg
Grab Bag: 4-10 Letters
pecheneg
2024 March Madness Bracket
pecheneg
Famous TV Couples
Peacemaker
Champions League XIs: Real Madrid
pecheneg
Largest US Cities 1790-2010
pecheneg
Rides in Walt Disney World
pecheneg
Most Oscar Losses (Acting)
pecheneg
Beyoncé Albums
pecheneg
Trending Topics
Disney
Anime
Harry Potter
NBA
Kpop
Crossword
Marvel
Pokémon
Country
Puzzle
Soccer
NFL
The Office
Song
WWE
Your Account Isn't Verified!
In order to create a playlist on Sporcle, you need to verify the email address you used during registration. Go to your
Sporcle Settings
to finish the process.
Report this User
Report this user for behavior that violates our
Community Guidelines
.
Details:
Send Report
Go to the Sporcle.com Mobile Site →
Comments